000
00313nam a2200133Ia 4500
008
240624s9999 xx 000 0 und d
041
_a
eng
082
_a
152.4 FRI
100
_a
FRIJDA NICO H
245
_a
LAWS OF EMOTION
260
_c
2006
_a
New Jersey
_b
Psychology Press
300
_a
384 : p.
365
_c
_b
20
999
_c
18195
_d
18195